000 00940cam a22002411 4500
001 e 50000026
003 DLC
005 20260227111234.0
008 780612s1950 dcu 000 0 eng c
010 _ae 50000026
035 _a(OCoLC)3968453
040 _aU. S. Office of Education. Library
_cMsHaU
_dDLC
042 _apremarc
050 0 0 _aL111
_b.A6 1950, no. 5
082 _a373
100 1 _aWright, Grace Stevens.
245 1 0 _aCore Curriculum in public high schools;
_ban inquiry into
_cpractices, 1949.
260 _a[Washington]
_bFederal Security Agency, Office of Education
_c[1950]
300 _aiv, 32 p.
_c23 cm.
410 1 0 _aUnited States.
_bOffice of Education.
_tBulletin,
_f1950,
_vno. 5
501 _aCopies 1 and 2 with: 102 motion pictures on democracy / Seerley Reid. Washington : U.S. Govt. Print. Off., 1950. Bound together subsequent to publication.
_5DLC
650 0 _aHigh schools
_xCurricula
_zUnited States.
999 _c22130
_d22130